Statistics for Name the Logic Gate

Click here to take the quiz!

General Stats

  • This quiz has been taken 66 times
  • The average score is 6 of 7

Answer Stats

Gates% Correct
AND
100%
OR
98%
XOR
87%
NAND
85%
NOT
85%
NOR
80%
XNOR
52%

Score Distribution

Percentile by Number Answered

Percent of People with Each Score

Your Score History

You have not taken this quiz